MARC

LEADER 00000nab a2200000 4500
001 vtls012024976
003 SK-MaSNL
005 20260318114057.0
008 210426c2020 xo er|n || ||00 b0ukr
015 |a SNBRB2021/04 
038 |a SVKPOCL 
040 |a SVKPOCL  |b slo  |c SVKPOCL  |e rda 
041 0 |a ukr 
043 |a e-xo---  |a e-un--- 
044 |a xo  |c SK 
072 7 |a 821.161.09  |x Východoslovanské literatúry (o nich)  |2 konspekt 
080 |a 821.161.2-051  |2 2011 
080 |a 070.421  |2 2011 
080 |a 82(091)"19"  |2 2011 
080 |a 82-92(437.6)-051  |2 2011 
080 |a (477)  |2 2011 
080 |a 821.161.2(437.6)-051  |2 2011 
080 |a (437.6)  |2 2011 
080 |a 929 Sabadoš, Michal  |2 2011 
100 1 |a Roman, Michal,  |d 1930-  |4 aut  |9 90937 
245 1 0 |a Mychajlo Sabadoš (18.8.1920-30.6.1999), syn seljanyna ...  |c Mychajlo Roman. 
246 1 |i Iný názov:  |a Juvileji ukrajins'kych pys'mennykiv Slovaččyny  |b Serpen' 2020 
300 |b Fotografie 
336 |a text  |b txt  |2 rdacontent 
337 |a bez média  |b n  |2 rdamedia 
338 |a zväzok  |b nc  |2 rdacarrier 
500 |a V rubrike Kul'tura 
500 |a Pokračovanie, začiatok v č. 11/2020 
600 1 7 |a Sabadoš, Michal,  |d 1920-1999  |2 SNKMA  |9 103391 
630 0 7 |a «Parašutystom v Karpatach»  |g (spomienky)  |2 svkpocl  |9 1632001 
630 0 7 |a «Frontovymy dorohamy»  |g (spomienky)  |2 svkpocl  |9 1632002 
630 0 7 |a «Partyzans'ki Karpaty»  |g (spomienky)  |2 svkpocl  |9 1632003 
630 0 7 |a «Burchlyvi roky»  |2 svkpocl  |9 1632004 
630 0 7 |a «Vidvažni»  |2 svkpocl  |9 1632005 
630 0 7 |a «Peremoha»  |2 svkpocl  |9 1632006 
648 7 |a 1977  |2 svkpocl  |9 336325 
648 7 |a 1984  |2 svkpocl  |9 318887 
650 0 7 |a ukrajinskí spisovatelia  |2 SNKPH  |9 66678 
650 0 7 |a osobnosti  |2 SNKPH  |9 29820 
650 0 7 |a biografia  |2 SNKPH  |9 71085 
650 0 7 |a literárna história  |2 SNKPH  |9 1136 
650 0 7 |a publicisti  |2 SNKPH  |9 63929 
651 7 |a Slovensko  |2 SNKPHgeo  |9 14231 
651 7 |a Pryboržavs'ke (Ukrajina)  |2 svkpocl  |9 1632007 
651 7 |a Ukrajina  |2 SNKPHgeo  |9 168045 
651 7 |a Košice (Slovensko)  |2 SNKPHgeo  |9 18694 
655 7 |a biografie  |2 SNKPH  |9 27965 
773 0 |t Nove žyttja  |g Roč. 70, č. 14 (2020), s. 2 
852 |a SVKPO  |b KIS3GCP 
958 |a SS 
958 |a SK 
958 |a BX 
958 |a NM 
958 |a UA 
958 |a UK 
958 |a LX 
999 |c 3364697  |d 3366627